000 00440nam a2200181Ia 4500
008 131103s9999 xx 000 0 und d
020 _cRs.60.00
040 _aLoreto College
041 _aEnglish
082 _aREF/SC/ENCE/CR
_bLCBED/11979
245 _aKnow your birds
260 _aDelhi
_bArora's
_c[19?]
300 _a92p.
_b ill.
_c 22cm.
650 _aBirds
651 _aScience
850 _aLCBED/REF/SC/ENCE/CR
942 _cBK
999 _c30941
_d81420